International Integration of Equity Markets and Contagion Effects

Gespeichert in:
Bibliographische Detailangaben
1. Verfasser: Cashin, Paul
Weitere Verfasser: Kumar, Manmohan S., MacDermott, C. John
Format: Buch
Sprache:Englisch
Veröffentlicht: Washington International Monetary Fund 1995
Ausgabe:1. ed.
Schriftenreihe:IMF Working Paper 110
Schlagworte:
Tags: Tag hinzufügen
Keine Tags, Fügen Sie das erste Tag hinzu!

MARC

LEADER 00000nam a2200000 4500
001 c017231
005 20221205133136.3
041 0 |a eng 
044 |a US 
245 1 0 |a International Integration of Equity Markets and Contagion Effects  |c Paul Cashin, Manmohan S. Kumar, C. John MacDermott 
250 |a 1. ed. 
264 1 |a Washington  |b International Monetary Fund  |c 1995 
300 |a 47 s. 
490 1 |a IMF Working Paper  |v 110 
830 0 |a IMF Working Paper  |v 110 
610 2 0 |a integrácia 
610 2 0 |a trh finančný 
610 2 0 |a akcie 
610 2 0 |a ceny 
610 2 0 |a analýza trhu 
610 2 0 |a pohyb kapitálu 
610 2 0 |a trh kapitálový 
100 1 |a Cashin, Paul 
700 1 |a Kumar, Manmohan S. 
700 1 |a MacDermott, C. John